MDQL
is popping MORE tags! Check the
thread
!
Quizzes
Events
Quiz Creation
Community
Videos
Private Events
Remove Ads
Sign In
Join for FREE
Feedback
Dark Mode
Quiz Categories
Sports
Geography
Music
Movies
Television
Just For Fun
Miscellaneous
History
Literature
Language
Science
Gaming
Entertainment
Religion
Holiday
For Kids
Quiz Lab
Recent
Popular Today
Quiz Kudos Today
Editor Picks
Curator Picks
Quizzes by...
Day
Popularity
Type
Ratings
Length
Year
Community
Subscriptions
Recent Discussions
Orange Saloon
Badges
Playlists
Quests
Create
Leaderboards
Showdown
Live 5
Trivia Bingo
Activity
Puzzle Library
Sporcle Events
Private Events
Virtual Trivia
Globe League
Become a Host
Pub Owners
SporcleCon
Opinionation
Our Games
Videos
Blog
Mobile Apps
Partnerships
Remove Ads and Go Orange
Feedback
Television
TV Characters
TV Show
Sitcom
Network
Friends
Reality Shows
Cast
South Park
Star Trek
The Simpsons
Doctor Who
Television
TV Characters
TV Show
Sitcom
Network
Friends
Reality Shows
Cast
South Park
Star Trek
The Simpsons
Doctor Who
Random Quiz
Search Sporcle
×
Quiz Lab
Quiz Lab
Television
Jeopardy Answers
Type in answers that appear in a list
Type in answers that appear in a list
Classic
Best Score? Go Orange.
Ken Jennings Final Jeopardy Clues II Stats
Can you name the clues given to Ken Jennings in his 16-30th games?
By
camwdw71
15m
15 Questions
157 Plays
157 Plays
157 Plays
Comments
Comments
Give Quiz Kudos
Give Quiz Kudos
-
- Ratings
hide this ad
Replay
Link that replays current quiz
Next Quiz
Link to next quiz in quiz playlist
You Got
0%
They Got
Avg Score
30%
Avg Friend Score
Upgrade to see
Score Distribution
Jump to the score distribution portion of the page
Score
0/15
Timer
15:00
0
Plays Today
Clue
Response
% Correct
This 1973 thriller was re-
released in 2000 with extra footage, including a scene in which Ritalin is prescribed
The Exorcist
58.6%
In 1901 U.S. Surgeon General Walter Wyman helped establish a hospital in Hawaii for this disease
leprosy
54.8%
After a 58-
year flirtation, this woman called it off temporarily in issue No. 720
Lois Lane
47.8%
Of the 8 members of the G-
8 industrial nations, the one with the smallest population
Canada
46.5%
In 1826 Daniel Webster eulogized these 2 men, saying, 'They took their flight together to the world of spirits'
Thomas Jefferson and John Adams
43.3%
Born in January 1919, the month Teddy Roosevelt died, he was given the middle name Roosevelt
Jackie Robinson
40.1%
This title character's full name is Oscar Zoroaster Phadrig Isaac Norman Henkle Emmannuel Ambroise Diggs
Wizard of Oz
35%
This fruit of North America shares its name with a literary character who debuted in an 1876 novel
huckleberry
25.5%
Clue
Response
% Correct
In 1899 he was released from Devil's Island & pardoned for 'treason under extenuating circumstances'
Alfred Dreyfus
24.8%
Born in 1564, he was employed by Elizabeth I's Secretary of State to uncover Catholic plots against her reign
Cristopher Marlowe
17.8%
Daniel means 'God is my judge', Ezekiel, 'God strengthens'; & this name in Genesis 32, 'he strives with God'
Israel
15.3%
Ironically, he might have saved himself from death in 1779 if he had known how to swim
Captain Cook
14.6%
The first 2 New York Times headlines set in 96-
point type were in these 2 years, 5 years apart
1969 and 1974
12.1%
'I am the rose of Sharon' & 'When you know your name, you should hang on to it' are from 2 different books titled this
Song of Solomon
11.5%
Its 1st broadcast, February 24, 1942, said, 'The news may be good. The news may be bad. We shall tell you the truth'
Voice of America
11.5%
Quiz Playlist
Details
Report
Send in Message
Add To Playlist
Classic:
Type in answers that appear in a list
Last Updated: Feb 16, 2017
Quiz Scoreboard
CHALLENGE
Sign Up to Join the Scoreboard
Show All
Scores
Hide
Comments
May contain spoilers
Recently Published
Two Season TV Shows II
by 123Four
Television
10m
Image Sorting: Flags VI
by Barbecue
Geography
2m
Find the 'City' Movie
by crazypaving
Movies
60s
More to Explore
Quiz From the Vault
Featured Blog Post
14 Easter Pick-up Lines to Find Eggs With
hide this ad
You Might Also Like...
Tags
Jeopardy Answers
Ken Jennings
Today's Top Quizzes in Television
Browse Television
hide this ad
Today's Top Quizzes in Jeopardy Answers
Browse Jeopardy Answers
Top Contributed Quizzes in Television
1
Survivor Journey Challenge
2
Even More Two Season TV Shows
3
Adjectives in 00s TV Shows
4
Brooklyn Nine Nine Logic Puzzle (How-To-Play)
5
Adjectives in 10s TV Shows
6
Click the SpongeBob Episodes (Season 3)
7
Even More Three Season TV Shows
8
Survivor Logic Puzzle: Heroes vs. Villains
9
Total Drama Characters
10
Survivor Heroes vs. Villains Logic Puzzle
Explore More
Trending Topics
NBA
Disney
Anime
Kpop
Crossword
Marvel
Harry Potter
NFL
Song
Country
The Office
Pokémon
WWE
Soccer
Puzzle
hide this ad
More By:
camwdw71
Quiz
Plays
Rating
Category
Featured
Created
Lyrics to Road Trippin'
379
4.50
Music
Aug 27, 2013
Lyrics to the Beatles 'Eleanor Rigby'
360
2.43
Music
Jul 22, 2013
Ken Jennings Final Jeopardy Clues I
347
4.00
Television
Jul 5, 2011
Ken Jennings Final Jeopardy Clues III
193
Television
Jul 11, 2011
Ken Jennings Final Jeopardy Clues II
157
3.00
Television
Jul 9, 2011
Go to Creator's Profile
Score Distribution
Quiz Creator Spotlight
camwdw71
Follow
Send a Message
Quizzes Created
-
Created Quiz Play Count
-
More By This Creator
Popular Quizzes Today
1
Find the US States - No Outlines Minefield
2
Colored Red Africa Blitz
3
Find the 'City' Movie
4
5x2 Blitz: Bands
5
The Countries of the World
6
Find the Countries of Europe - No Outlines Minefield
7
Find the US States
8
US States
More Television Quizzes
A-Z Prison Break
Quiz Lab
Trending Quizzes
Colored Red Europe Blitz I
Colored Red Africa Blitz II
Colored Red Europe Blitz II
Even More Two Season TV Shows
Colored Red Africa Blitz III
Recently Updated
March Madness Men's Triple Doubles
pecheneg
How Do You Spell That?
pecheneg
Godzilla Movies
pecheneg
Grab Bag: 4-10 Letters
pecheneg
2024 March Madness Bracket
pecheneg
Famous TV Couples
Peacemaker
Champions League XIs: Real Madrid
pecheneg
Largest US Cities 1790-2010
pecheneg
Rides in Walt Disney World
pecheneg
Most Oscar Losses (Acting)
pecheneg
Trending Topics
Anime
Marvel
Crossword
NBA
Disney
Harry Potter
Kpop
Country
WWE
Pokémon
Puzzle
NFL
Song
Soccer
The Office
Your Account Isn't Verified!
In order to create a playlist on Sporcle, you need to verify the email address you used during registration. Go to your
Sporcle Settings
to finish the process.
Report this User
Report this user for behavior that violates our
Community Guidelines
.
Details:
Send Report
Go to the Sporcle.com Mobile Site →
Comments